| 000 | 00722nam a22001577a 4500 | ||
|---|---|---|---|
| 005 | 20230616180232.0 | ||
| 008 | 230425b xxu||||| |||| 00| 0 eng d | ||
| 082 |
_a741.597 _bSHI |
||
| 100 | _aShiparamatti, Basavaprabhu | ||
| 245 |
_aನಕ್ಷತ್ರ ವೀಕ್ಷಣೆಯ ನೂರೆಂಟು ಪ್ರಶ್ನೆಗಳು _bNakshtra Veekshaneya Noorentu Prashnegalu _cBasavaprabhu Shiparamatti and Naamdeva Badiger |
||
| 260 |
_aBelagavi _bPrasaranga, Visveswaraya Technological University ( VTU ) _c2021 |
||
| 300 | _a44p. | ||
| 440 | _aJanpriya Taantrika Shikshana Maale (ಜನಪ್ರಿಯ ತಾಂತ್ರಿಕ ಶಿಕ್ಷಣ ಮಾಲೆ) | ||
| 650 | _aGeneral | ||
| 700 | _aBadiger, Naamdeva | ||
| 999 |
_c11645 _d11645 |
||